| 000 | 00813nam a2200181Ia 4500 | ||
|---|---|---|---|
| 008 | 100920s9999 xx 000 0 und d | ||
| 082 |
_b88160 _a51 थ 34 |
||
| 100 | _aसंपादक-गद्रे अनंत हरि. | ||
| 245 | _aअच्युतराव कोल्हटकर स्मारकग्रंथ भाग 2 रा. | ||
| 260 |
_bगद्रे अनंत हरि, मुंबई. _c1934 |
||
| 300 |
_a224 _bसाधी |
||
| 365 | _b1.5 | ||
| 520 | _aचरित्र. | ||
| 630 | _aअच्युतराव कोल्हटकर स्मारकग्रंथ भाग 2 रा. | ||
| 650 | _aचरित्र. | ||
| 730 | _aअच्युतराव कोल्हटकर स्मारकग्रंथ भाग 2 रा. | ||
| 942 | _cBOOK | ||
| 999 |
_c728667 _d728664 |
||